000 00955cam a2200265 4500
001 WB3801-44
008 011218n2001 000 0 eng u
035 _a(Sirsi) u116025
245 _aCity fund to finance URC masterplans
260 _c2001
490 _aRegeneration and Renewal
_v14 December 2001, 1(1)
520 _aThe English Cities Fund (ECF) launched by English Partnerships has been set up to attract investment into the regeneration of brownfield land and empty properties. ECF also aims to finance the implementation of two urban regeneration companies' masterplans.
590 _aWB
650 _aPRIVATE SECTOR FUNDING
650 _aURBAN REGENERATION
650 _aPRIVATE INVESTORS
650 _aSTATE AID
650 _aCOMMERCIAL RETURN
650 _aENGLISH CITIES FUND
650 _aBROWNFIELD LAND
650 _aEMPTY PROPERTIES
650 _aURBAN REGENERATION COMPANIES
690 _aREGENERATION
942 _n0
999 _c69131
_d69131